000 008010000a22002290004500
090 _aAR
_b03479
245 1 0 _aEvolution des populations d'orthopteres d'amazonie du nord-ouest dans les cultures traditionnelles et les formations secondaires d'origene anthropique
041 0 _aFrancés
650 1 4 _aEntomología
_94483
650 1 4 _aDinámica poblacional
_9608
650 1 4 _aDisturbios antrópicos
_993298
650 1 4 _aIndígenas
_993177
650 1 4 _aSecoya
_997104
650 1 4 _aHuitoto
_995240
651 4 _lRío Igará - Paraná
_pColombia
_992749
651 4 _lRío Yubineto
_pPerú
_992749
653 _gDichroplus
_eDichroplus punctulatus
700 1 _aDescamps, Marius
_996618
100 1 _aAmedegnato, Christiane
_996621
942 _cARTICULO
773 1 _tExtrait d'Acrida
_h9
_q1-33
_d1980
999 _c12529
_d12529